00579nam a2200157 a 45000010005000000030009000050080041000140400028000550820016000831000068000992450151001672500007003182600053003253000015003786500028003933262CO-ViMGA141112s2004 ck r 000 u spa d aCO-ViMGAbspacCO-ViMGA04a460.07 P6571 aPontificia Universidad Javeriana : programa universidad abierta10aLa enseñanza del español y la literatura en el cuarto año de la escuela primaria / cAgudelo de Pabón Sara , Mayorga Rodríguez Carolina  a2a aSantafé de Bogotá : bLa universidad, c1996 a220 p : il14aESPAÑOL - ENSEÑANZA